000 00263nam a22001097a 4500
008 170106b xxu||||| |||| 00| 0 eng d
020 _a0397541600
041 _aeng
080 _29TH
_a618.2
245 _aNURSING CARE OF CHILDREN
_cWAECHTER & BLAKE
942 _2udc
_cBK
999 _c2601
_d2601